| 000 | 00328 a2200133 4500 | ||
|---|---|---|---|
| 082 | _a519.5 | ||
| 090 |
_c6760 _d6760 |
||
| 100 | _aNeil A.Weiss | ||
| 245 |
_aIntroductory Statistics. _cNeil A.Weiss |
||
| 260 |
_aNew York _bPearson Adison Wisly. _c2005 |
||
| 300 | _a846p. | ||
| 500 | _aHard cover | ||
| 942 |
_aNBS _cBK _k519.5 WEI |
||
| 999 |
_c349108 _d349108 |
||